[Event "Asia zt 3.3 (Women)"]
[Site "Jakarta"]
[Date "2023.05.06"]
[Round "1"]
[White "Nguyen, Thi Mai Hung"]
[Black "Mak, Xiu Ning Charlene"]
[Result "1-0"]
[WhiteElo "2193"]
[BlackElo "1733"]
[PlyCount "40"]
[EventDate "2023.05.06"]
[EventType "swiss"]
[EventRounds "9"]
[EventCountry "INA"]
[SourceTitle "CBM 214 Extra"]
[Source "ChessBase"]
[SourceDate "2023.07.31"]
[SourceVersion "1"]
[SourceVersionDate "2023.07.31"]
[SourceQuality "1"]

1. d4 Nf6 2. Nf3 g6 3. g3 Bg7 4. Bg2 0-0 5. 0-0 d6 6. a4 Na6 7. Re1 d5 8. c4 c6 9. cxd5 cxd5 10. Qb3 b6 11. Nc3 h6 12. Bf4 Be6 13. Rec1 Nh5 14. Bd2 Rc8 15. Nb5 Qd7 16. Ne5 Qb7 17. Qa3 Nb8 18. Nc3 Rfd8 19. e3 Nd7 20. Nd3 Nhf6 1-0

[Event "Hvar Arsenal op"]
[Site "Hvar"]
[Date "2022.10.09"]
[Round "3"]
[White "Mak, Xiu Ning Charlene"]
[Black "Padjen, Zdenko"]
[Result "1/2-1/2"]
[WhiteElo "1694"]
[BlackElo "1934"]
[PlyCount "79"]
[EventDate "2022.10.08"]
[EventType "swiss"]
[EventRounds "9"]
[EventCountry "CRO"]
[SourceTitle "CBM 210 Extra"]
[Source "ChessBase"]
[SourceDate "2022.11.30"]
[SourceVersion "1"]
[SourceVersionDate "2022.11.30"]
[SourceQuality "1"]

1. e4 c5 2. Nf3 g6 3. d4 cxd4 4. Nxd4 Bg7 5. Nc3 Nc6 6. Be3 Nf6 7. Nxc6 bxc6 8. e5 Nd5 9. Nxd5 cxd5 10. Qxd5 Rb8 11. Bc4 0-0 12. 0-0 Qc7 13. f4 Bb7 14. Qd3 Rfc8 15. Bb3 Qc6 16. Rf2 d6 17. exd6 exd6 18. c3 a5 19. f5 a4 20. Bxf7+ Kxf7 21. fxg6+ Kg8 22. gxh7+ Kh8 23. Bd4 Rc7 24. Raf1 Qe4 25. Bxg7+ Rxg7 26. Qxe4 Bxe4 27. a3 Kxh7 28. Re1 d5 29. Ree2 Rgb7 30. h3 Bd3 31. Rd2 Bc4 32. Kh2 Kg6 33. g3 Re7 34. Kg2 Re1 35. g4 Rbe8 36. h4 R8e4 37. Kg3 Rg1+ 38. Rg2 Rge1 39. Rgf2 Rg1+ 40. Kh2 1/2-1/2

[Event "Eastern Asia-ch U16 Girls"]
[Site "Tornelo INT"]
[Date "2021.10.24"]
[Round "7"]
[White "Mak, Xiu Ning Charlene"]
[Black "Kairbekova, Amina"]
[Result "0-1"]
[WhiteElo "1346"]
[BlackElo "1937"]
[PlyCount "102"]
[EventDate "2021.10.22"]
[EventType "swiss"]
[EventRounds "9"]
[EventCountry "NET"]
[SourceTitle "EXT 2023"]
[Source "ChessBase"]
[SourceDate "2022.10.05"]
[SourceVersion "1"]
[SourceVersionDate "2022.10.05"]
[SourceQuality "1"]

1. e4 e6 2. d3 d5 3. Nd2 c5 4. Ngf3 Nf6 5. g3 Nc6 6. Bg2 g6 7. 0-0 Bg7 8. Re1 0-0 9. Qe2 a5 10. Nf1 b6 11. e5 Nd7 12. Bf4 Qc7 13. h4 h6 14. N1h2 Ne7 15. Ng4 Nf5 16. Nf6+ Kh8 17. Qd2 h5 18. Bh3 Qc6 19. g4 hxg4 20. Nxg4 d4 21. Bg2 Bb7 22. Bg3 Qc7 23. Bf4 Rae8 24. Nf6 Bxf6 25. exf6 e5 26. Nxe5 Nxe5 27. Bxe5 Rxe5 28. Rxe5 Qxe5 29. Bxb7 Qxf6 30. Qg5 Qxg5+ 31. hxg5 Re8 32. Be4 Nd6 33. f3 Re5 34. f4 Re7 35. Bf3 Kg7 36. Kf2 Nf5 37. Be4 Nd6 38. Bf3 f6 39. Rg1 Re3 40. Rg4 b5 41. Bc6 c4 42. dxc4 bxc4 43. gxf6+ Kxf6 44. Rg5 Nf5 45. Bd5 Rh3 46. Bxc4 Rh2+ 47. Ke1 Rxc2 48. b3 Rxa2 49. Bd3 Nh4 50. Rd5 Ng2+ 51. Kd1 Ne3+ 0-1

[Event "Eastern Asia-ch U16 Girls"]
[Site "Tornelo INT"]
[Date "2021.10.22"]
[Round "2"]
[White "Mak, Xiu Ning Charlene"]
[Black "Choksi, Khushi"]
[Result "1-0"]
[WhiteElo "1346"]
[BlackElo "1167"]
[PlyCount "131"]
[EventDate "2021.10.22"]
[EventType "swiss"]
[EventRounds "9"]
[EventCountry "NET"]
[SourceTitle "EXT 2023"]
[Source "ChessBase"]
[SourceDate "2022.10.05"]
[SourceVersion "1"]
[SourceVersionDate "2022.10.05"]
[SourceQuality "1"]

1. e4 d5 2. exd5 Qxd5 3. Nf3 Nf6 4. d4 Bf5 5. Be2 c6 6. 0-0 e6 7. c4 Qd8 8. Nc3 h6 9. Be3 Bd6 10. h3 0-0 11. Rc1 Nbd7 12. a3 Qe7 13. Qd2 Rfd8 14. Rfd1 Ne4 15. Nxe4 Bxe4 16. Qc3 c5 17. Nd2 Bc6 18. Nb3 b6 19. Bd3 Nf6 20. dxc5 bxc5 21. Nd2 Rac8 22. Qc2 Be5 23. Nb1 Qb7 24. Bf1 Be4 25. Qe2 Bxb2 26. Rxd8+ Rxd8 27. Rd1 Rxd1 28. Qxd1 Qd7 29. Qb3 Be5 30. Bxc5 Qc7 31. Bb4 Nd7 32. Nd2 Bb7 33. Qe3 Ba6 34. Qe4 Bb7 35. Qe3 Ba6 36. Bd3 Bf4 37. Qe4 Nf6 38. Qa8+ Qb8 39. Qxb8+ Bxb8 40. Nb3 Nd5 41. Bc5 Nf4 42. Bf1 e5 43. Be3 Ne6 44. f3 Kf8 45. Kf2 Ke7 46. Na5 Kd7 47. Nb3 Kc7 48. Bd3 Kc6 49. Be4+ Kd7 50. Bd5 f6 51. Bxe6+ Kxe6 52. Nc5+ Kd6 53. Nxa6 Bc7 54. Nxc7 Kxc7 55. Bxa7 f5 56. Ke3 g5 57. Bc5 Kc6 58. Bf8 h5 59. Bh6 g4 60. hxg4 hxg4 61. Bg7 gxf3 62. gxf3 e4 63. fxe4 fxe4 64. Kxe4 Kc5 65. Kd3 Kb6 66. Kd4 1-0

[Event "Asia Nations online Cup (Women)"]
[Site "Chess.com INT"]
[Date "2020.10.19"]
[Round "7.4"]
[White "Mak, Xiu Ning Charlene"]
[Black "Nguyen, Hong Anh"]
[Result "0-1"]
[WhiteElo "1678"]
[BlackElo "1970"]
[PlyCount "72"]
[EventDate "2020.10.11"]
[EventType "team-swiss (rapid)"]
[EventRounds "9"]
[EventCountry "IND"]
[SourceTitle "CBM 198 Extra"]
[Source "ChessBase"]
[SourceDate "2020.11.30"]
[SourceVersion "1"]
[SourceVersionDate "2020.11.30"]
[SourceQuality "1"]
[WhiteTeam "Singapore (W)"]
[BlackTeam "Vietnam (W)"]
[WhiteTeamCountry "SIN"]
[BlackTeamCountry "VIE"]

1. e4 c5 2. Nf3 Nc6 3. d4 cxd4 4. Nxd4 g6 5. Nc3 Bg7 6. Be3 Nf6 7. Nxc6 bxc6 8. e5 Ng8 9. f4 Nh6 10. Qf3 0-0 11. Bc4 Qc7 12. h3 d6 13. exd6 exd6 14. 0-0 d5 15. Bd3 d4 16. Nb5 cxb5 17. Qxa8 dxe3 18. Qe4 Nf5 19. Qf3 Bxb2 20. Rab1 Bd4 21. Kh2 a6 22. Rb4 Rd8 23. Rd1 Bc3 24. Rbb1 Bd2 25. Rxd2 exd2 26. Rd1 Be6 27. Rxd2 Bxa2 28. Rd1 Bc4 29. Bxc4 Rxd1 30. Bxf7+ Kxf7 31. Qxd1 Qxf4+ 32. Kg1 Qd4+ 33. Qxd4 Nxd4 34. c3 Ne2+ 35. Kf2 Nxc3 36. Ke3 b4 0-1

[Event "Asia Nations online Cup (Women)"]
[Site "Chess.com INT"]
[Date "2020.10.17"]
[Round "5.2"]
[White "Mak, Xiu Ning Charlene"]
[Black "Gomes, Mary Ann"]
[Result "0-1"]
[WhiteElo "1678"]
[BlackElo "2354"]
[PlyCount "80"]
[EventDate "2020.10.11"]
[EventType "team-swiss (rapid)"]
[EventRounds "9"]
[EventCountry "IND"]
[SourceTitle "CBM 198 Extra"]
[Source "ChessBase"]
[SourceDate "2020.11.30"]
[SourceVersion "1"]
[SourceVersionDate "2020.11.30"]
[SourceQuality "1"]
[WhiteTeam "Singapore (W)"]
[BlackTeam "India (W)"]
[WhiteTeamCountry "SIN"]
[BlackTeamCountry "IND"]

1. e4 c5 2. Nf3 d6 3. d4 cxd4 4. Nxd4 Nf6 5. Nc3 a6 6. Be2 e5 7. Nb3 Be7 8. Be3 Be6 9. g4 d5 10. exd5 Nxd5 11. Nxd5 Bxd5 12. Bf3 Bxf3 13. Qxf3 Nc6 14. Rd1 Qc7 15. c3 0-0 16. Qe4 Rad8 17. h4 Rxd1+ 18. Kxd1 f5 19. gxf5 Qd7+ 20. Kc1 Qxf5 21. Qxf5 Rxf5 22. Nd2 Rh5 23. Nf3 Kf7 24. Rg1 e4 25. Ng5+ Bxg5 26. hxg5 Ne5 27. Rg2 Ke6 28. Bd4 g6 29. Kc2 Nf3 30. Be3 Ne1+ 31. Kd2 Nxg2 32. b4 Nxe3 33. Kxe3 Ke5 34. c4 Rxg5 35. b5 axb5 36. cxb5 Rg1 37. a4 Ra1 38. f4+ exf3 39. Kxf3 Rxa4 40. b6 h5 0-1

[Event "Asia Nations online Cup (Women)"]
[Site "Chess.com INT"]
[Date "2020.10.11"]
[Round "1.11"]
[White "Mak, Xiu Ning Charlene"]
[Black "Layan, Mansour Qassabi"]
[Result "1-0"]
[WhiteElo "1678"]
[BlackElo "1167"]
[PlyCount "111"]
[EventDate "2020.10.11"]
[EventType "team-swiss (rapid)"]
[EventRounds "9"]
[EventCountry "IND"]
[SourceTitle "CBM 198 Extra"]
[Source "ChessBase"]
[SourceDate "2020.11.30"]
[SourceVersion "1"]
[SourceVersionDate "2020.11.30"]
[SourceQuality "1"]
[WhiteTeam "Singapore (W)"]
[BlackTeam "Qatar (W)"]
[WhiteTeamCountry "SIN"]
[BlackTeamCountry "QAT"]

1. e4 e5 2. Nf3 Nc6 3. Bc4 Bc5 4. c3 Nf6 5. d3 h6 6. Bb3 0-0 7. Nbd2 d6 8. h3 Re8 9. Nf1 Be6 10. Ng3 Bxb3 11. Qxb3 Bb6 12. 0-0 Na5 13. Qc2 c6 14. b4 Rc8 15. bxa5 Bxa5 16. Rb1 Bb6 17. Be3 Bxe3 18. fxe3 Rb8 19. d4 exd4 20. exd4 Qe7 21. Rfe1 Qd7 22. Qf2 Qe6 23. Re2 Qc4 24. Qe1 Qe6 25. Rb3 Re7 26. Nf5 Rd7 27. Qg3 Nh5 28. Qg4 Qg6 29. Qxg6 fxg6 30. Ne3 Re7 31. Nc2 Nf6 32. e5 dxe5 33. Nxe5 Kh7 34. Rf2 Rbe8 35. Ne1 Ne4 36. Rfb2 Rb8 37. Nxc6 bxc6 38. Rxb8 Nxc3 39. Nf3 Nd5 40. R8b7 Rxb7 41. Rxb7 a6 42. Ra7 Nb4 43. a3 Nd3 44. Rxa6 c5 45. d5 c4 46. Rc6 Ne5 47. Nxe5 g5 48. Rxc4 h5 49. d6 g4 50. d7 gxh3 51. d8Q hxg2 52. Rc8 Kh6 53. Rc6+ Kh7 54. Qd3+ g6 55. Qxg6+ Kh8 56. Rc8# 1-0

[Event "Online Olym Div2 B"]
[Site "Chess.com INT"]
[Date "2020.08.14"]
[Round "3.6"]
[White "Mak, Xiu Ning Charlene"]
[Black "Slaba, Andrea"]
[Result "0-1"]
[WhiteElo "1655"]
[BlackElo "1975"]
[PlyCount "152"]
[EventDate "2020.08.14"]
[EventType "team-tourn (rapid)"]
[EventRounds "9"]
[EventCountry "USA"]
[SourceTitle "CBM 198"]
[Source "ChessBase"]
[SourceDate "2020.10.31"]
[SourceVersion "1"]
[SourceVersionDate "2020.10.31"]
[SourceQuality "1"]
[WhiteTeam "Singapore"]
[BlackTeam "Slovakia"]
[WhiteTeamCountry "SIN"]
[BlackTeamCountry "SVK"]

1. e4 e6 2. d3 d5 3. Nd2 c5 4. Ngf3 Nc6 5. g3 Nf6 6. Bg2 Be7 7. 0-0 0-0 8. e5 Nd7 9. Re1 f6 10. exf6 Nxf6 11. Ne5 Nxe5 12. Rxe5 Bd6 13. Re1 e5 14. c4 d4 15. a3 a5 16. Ne4 Nxe4 17. Bxe4 Qf6 18. f3 Rb8 19. Bd2 b6 20. Qb3 Bd7 21. a4 Kh8 22. Rf1 g5 23. Qd1 Qg7 24. b3 Rf6 25. Qe2 Rbf8 26. Qg2 Rh6 27. Qe2 Rhf6 28. Qg2 h5 29. Rae1 Rg8 30. Kh1 Qf8 31. Rf2 Qc8 32. Qf1 Qf8 33. Qg2 Qe7 34. Ref1 Be6 35. Re1 Qd7 36. Qf1 Qf7 37. Qg2 Rg7 38. Qf1 Bc8 39. Qg2 Qd7 40. Ref1 Qe7 41. Re1 Be6 42. Qf1 Qd7 43. Qe2 Qf7 44. Qf1 g4 45. f4 exf4 46. Bxf4 Bxf4 47. Rxf4 Rxf4 48. Qxf4 Qxf4 49. gxf4 Rf7 50. Rf1 Rf6 51. Kg2 h4 52. f5 Bf7 53. Rf4 Bh5 54. Bd5 Kg7 55. Be6 Kh6 56. Re4 Kg5 57. Re1 Bf7 58. Bd7 Bh5 59. Be6 Bf7 60. Bd7 Bg8 61. Re2 Bh7 62. Re5 Bxf5 63. Bxf5 Rxf5 64. Re6 Rf6 65. Re5+ Kg6 66. Re4 Kf5 67. Re2 Re6 68. Rf2+ Kg5 69. Rf8 Rf6 70. Rg8+ Kf4 71. Re8 h3+ 72. Kg1 Kf3 73. Re4 g3 74. hxg3 Kxg3 75. Re8 h2+ 76. Kh1 Rf1# 0-1

[Event "Online Olym Div3 A"]
[Site "Chess.com INT"]
[Date "2020.08.07"]
[Round "3.2"]
[White "Mak, Xiu Ning Charlene"]
[Black "Manar, Khalil"]
[Result "1/2-1/2"]
[WhiteElo "1667"]
[BlackElo "1793"]
[PlyCount "49"]
[EventDate "2020.08.07"]
[EventType "team-tourn (rapid)"]
[EventRounds "9"]
[EventCountry "USA"]
[SourceTitle "CBM 198"]
[Source "ChessBase"]
[SourceDate "2020.10.31"]
[SourceVersion "1"]
[SourceVersionDate "2020.10.31"]
[SourceQuality "1"]
[WhiteTeam "Singapore"]
[BlackTeam "Syria"]
[WhiteTeamCountry "SIN"]
[BlackTeamCountry "SYR"]

1. e4 c5 2. Nf3 d6 3. d4 cxd4 4. Nxd4 Nf6 5. Nc3 a6 6. Be2 e5 7. Nb3 Be7 8. Be3 Be6 9. g4 d5 10. exd5 Nxd5 11. Nxd5 Bxd5 12. Bf3 e4 13. Bg2 Nc6 14. 0-0 Bf6 15. c3 0-0 16. Qc2 Bc4 17. Rfd1 Bd3 18. Qc1 Qc8 19. h3 Ne5 20. Nd4 Re8 21. Nf5 Qe6 22. Nd4 Qc4 23. Nf5 Qe6 24. Nd4 Qc4 25. Nf5 1/2-1/2

[Event "Pattaya op"]
[Site "Pattaya"]
[Date "2019.10.26"]
[Round "5"]
[White "Mak, Xiu Ning Charlene"]
[Black "Gras, Guillaume"]
[Result "0-1"]
[WhiteElo "1447"]
[BlackElo "2072"]
[PlyCount "78"]
[EventDate "2019.10.23"]
[EventType "swiss"]
[EventRounds "9"]
[EventCountry "THA"]
[SourceTitle "CBM 195 Extra"]
[Source "ChessBase"]
[SourceDate "2020.05.31"]
[SourceVersion "1"]
[SourceVersionDate "2020.05.31"]
[SourceQuality "1"]

1. e4 Nf6 2. e5 Nd5 3. d4 d6 4. c4 Nb6 5. exd6 cxd6 6. Nc3 g6 7. Bd3 Bg7 8. Nge2 0-0 9. 0-0 Nc6 10. Be3 Bg4 11. h3 Bxe2 12. Bxe2 d5 13. c5 Nc8 14. Qa4 e6 15. Rfd1 N8e7 16. b4 a6 17. Bf3 Nf5 18. Ne2 Nh4 19. a3 Nxf3+ 20. gxf3 Qh4 21. Kg2 e5 22. dxe5 Bxe5 23. Rac1 d4 24. Bd2 d3 25. Ng3 Rad8 26. Ne4 Rd4 27. Bg5 Qh5 28. Be3 Qf5 29. Bxd4 Nxd4 30. Rxd3 Ne2 31. Rdd1 Nf4+ 32. Kf1 Qxh3+ 33. Ke1 Qh1+ 34. Kd2 Qxf3 35. Kc2 Qxe4+ 36. Kb3 Ne2 37. Rc4 Nd4+ 38. Ka2 Qe2+ 39. Kb1 Qxc4 0-1